Which U.S State? - Statistics

General Stats
  • This quiz has been taken 60 times
    29 since last reset
  • The average score is 40 of 50
Answer Stats
Hint State % Correct
Most populous state California
100%
Home to The Fabulous Las Vegas! Nevada
100%
Home to the biggest city in the US New York
100%
The Smallest state Rhode Island
100%
The Northernmost state Alaska
96%
Last state to be admitted Hawaii
96%
The Easternmost state Maine
96%
Spelled with four I's and four S's Mississippi
96%
In Spanish it's called "Nuevo Mexico" New Mexico
96%
Everything is bigger here Texas
96%
Home to the Grand Canyon Arizona
92%
First state to be admitted Delaware
92%
Nicknamed the "Sunshine State" Florida
92%
The 42nd state, also home of the Space Needle Washington
92%
Omaha is its biggest city Nebraska
88%
Home to the Great Salt Lake Utah
88%
The least populous state Wyoming
88%
Nicknamed the "Peach State" Georgia
84%
Frankfort is its capital Kentucky
84%
The_______ Purchase, was a group of land that the US bought from France, forming a new U.S. state called ________ Louisiana
84%
Which state borders 4/5 Great Lakes Michigan
84%
The state with the most lakes Minnesota
84%
The "Big Sky" state Montana
84%
North of Texas Oklahoma
84%
Its the 33rd state and on the West coast Oregon
84%
This state grows over 27 billion potatoes ever year Idaho
80%
Annapolis is its capital Maryland
80%
Birthstate of 7 presidents Ohio
80%
Home to the Liberty Bell Pennsylvania
80%
Home to Mount Rushmore South Dakota
80%
The biggest producer of milk & cheese Wisconsin
80%
Home to Rocky Mountain National Park Colorado
76%
Where Dolly Parton was born Tennessee
76%
Home to the first English settlement in America, Jamestown Virginia
76%
"Almost Heaven __________ Blueridge mountains, Shenandoah river" West Virginia
76%
The Indy 500 is located here Indiana
72%
The Mayflower arrived on Plymouth rock here Massachusetts
72%
Nicknamed the Garden State New Jersey
72%
Bismarck is its capital North Dakota
72%
The largest corn producer in the US Iowa
68%
Myrtle Beach and Charleston are located here South Carolina
68%
The "Sunflower State" Kansas
64%
The Wright brothers made the first successful plane flight here North Carolina
64%
Largest poducer of maple syrup in the country Vermont
64%
It's the 22nd state and birthplace of Helen Keller Alabama
52%
This state is home to the world's first Skyscraper in 1885 Illinois
52%
This state means "Quinatucquet" in a native american language Connecticut
48%
The White Mountains takes up 1/4 of this state New Hampshire
48%
Nicknamed the "Natural State" Arkansas
40%
Ice Cream was first invented in this state Missouri
36%
No matching quizzes found
Score Distribution
Percent of People with Each Score
Percentile by Number Answered
Your Score History
You have not taken this quiz since the last reset